<?xml version="1.0" encoding="UTF-8"?>
<record
    xmlns:xsi="http://www.w3.org/2001/XMLSchema-instance"
    xsi:schemaLocation="http://www.loc.gov/MARC21/slim http://www.loc.gov/standards/marcxml/schema/MARC21slim.xsd"
    xmlns="http://www.loc.gov/MARC21/slim">

  <leader>00844nam a2200217 a 4500</leader>
  <controlfield tag="001">1513</controlfield>
  <controlfield tag="003">BR-CuiBMT</controlfield>
  <controlfield tag="005">20231219192748.0</controlfield>
  <controlfield tag="008">231213s2005    rsba          000 0 por d</controlfield>
  <datafield tag="040" ind1=" " ind2=" ">
    <subfield code="a">BR-CuiBMT</subfield>
    <subfield code="c">BR-CuiBMT</subfield>
  </datafield>
  <datafield tag="080" ind1=" " ind2=" ">
    <subfield code="a">351.94:336.148</subfield>
    <subfield code="x">(816.5)</subfield>
    <subfield code="2">2007</subfield>
  </datafield>
  <datafield tag="090" ind1=" " ind2=" ">
    <subfield code="a">351.94:336.148(816.5)</subfield>
    <subfield code="b">R585a</subfield>
  </datafield>
  <datafield tag="110" ind1="1" ind2=" ">
    <subfield code="a">Rio Grande do Sul.</subfield>
    <subfield code="b">Tribunal de Contas.</subfield>
  </datafield>
  <datafield tag="245" ind1="1" ind2="0">
    <subfield code="a">&#xC1;lbum do Tribunal de Contas do Estado do Rio Grande do Sul :</subfield>
    <subfield code="b">edi&#xE7;&#xE3;o especial 70 anos : 1935-2005 /</subfield>
    <subfield code="c">Tribunal de Contas do Estado.</subfield>
  </datafield>
  <datafield tag="260" ind1=" " ind2=" ">
    <subfield code="a">Porto Alegre :</subfield>
    <subfield code="b">TCE-RS,</subfield>
    <subfield code="c">[2006?].</subfield>
  </datafield>
  <datafield tag="300" ind1=" " ind2=" ">
    <subfield code="a">110 p. :</subfield>
    <subfield code="b">il. color. ;</subfield>
    <subfield code="c">29 x 29 cm</subfield>
  </datafield>
  <datafield tag="610" ind1="1" ind2=" ">
    <subfield code="a">Rio Grande do Sul.</subfield>
    <subfield code="b">Tribunal de Contas.</subfield>
    <subfield code="x">Hist&#xF3;ria</subfield>
  </datafield>
  <datafield tag="650" ind1=" " ind2=" ">
    <subfield code="a">Administra&#xE7;&#xE3;o p&#xFA;blica</subfield>
    <subfield code="x">Controle externo</subfield>
    <subfield code="z">Rio Grande do Sul</subfield>
  </datafield>
  <datafield tag="650" ind1=" " ind2=" ">
    <subfield code="a">Tribunal de contas </subfield>
    <subfield code="x">Hist&#xF3;ria</subfield>
    <subfield code="z">Porto Alegre (RS)</subfield>
  </datafield>
  <datafield tag="942" ind1=" " ind2=" ">
    <subfield code="2">udc</subfield>
    <subfield code="c">LV</subfield>
  </datafield>
  <datafield tag="952" ind1=" " ind2=" ">
    <subfield code="0">0</subfield>
    <subfield code="1">0</subfield>
    <subfield code="2">udc</subfield>
    <subfield code="4">0</subfield>
    <subfield code="7">0</subfield>
    <subfield code="a">BIBTCEMT</subfield>
    <subfield code="b">BIBTCEMT</subfield>
    <subfield code="d">2023-12-13</subfield>
    <subfield code="l">0</subfield>
    <subfield code="o">351.94:336.148(816.5) R585a</subfield>
    <subfield code="p">BIBTCEMT23120437</subfield>
    <subfield code="r">2023-12-13</subfield>
    <subfield code="t">Ex. 1</subfield>
    <subfield code="w">2023-12-13</subfield>
    <subfield code="y">LV</subfield>
  </datafield>
  <datafield tag="999" ind1=" " ind2=" ">
    <subfield code="c">1513</subfield>
    <subfield code="d">1513</subfield>
  </datafield>
</record>
